La espacialidad arquitectónica : introducción a sus lógicas proyectuales para una morfología de las promenades /

Gespeichert in:
Bibliographische Detailangaben
1. Verfasser: Pokropek, Jorge Eduardo (VerfasserIn)
Format: Elektronisch E-Book
Sprache:Spanisch
Veröffentlicht: Buenos Aires, Argentina : Diseño, [2015]
Schriftenreihe:Textos de arquitectura y diseño (Diseño Editorial)
Schlagworte:
Online-Zugang:Digitalia Hispánica
Tags: Tag hinzufügen
Keine Tags, Fügen Sie den ersten Tag hinzu!

MARC

LEADER 00000nam a2200000Ii 4500
001 DIGNOBUK299
003 NyNyDIG
008 220809s2015 ag a ob 00 0 spa d
006 m o d
007 cr |||||||||||
035 |a (OCoLC)1350507257 
040 |a DGITA  |b eng  |e rda  |e pn  |c DGITA 
020 |z 9789873607820 
050 1 4 |a NA2500 ebook 
100 1 |a Pokropek, Jorge Eduardo,  |e author. 
245 1 3 |a La espacialidad arquitectónica :  |b introducción a sus lógicas proyectuales para una morfología de las promenades /  |c Jorge Eduardo Pokropek. 
264 1 |a Buenos Aires, Argentina :  |b Diseño,  |c [2015] 
300 |a 1 online resource :  |b illustrations. 
336 |a text  |b txt  |2 rdacontent 
337 |a computer  |b c  |2 rdamedia 
338 |a online resource  |b cr  |2 rdacarrier 
347 |a text file  |2 rdaft 
347 |b PDF 
490 1 |a Textos de arquitectura y diseño 
504 |a Includes bibliographical references. 
588 0 |a Online resource; title from PDF title page (Digitalia, viewed August 09, 2022) 
650 0 |a Architecture  |x Study and teaching. 
655 0 |a Electronic books. 
791 2 |a Digitalia (Firm),  |e distributor. 
793 0 |g Digitalia eBook Collection:  |a Editorial Diseño. 
776 0 8 |i Print version:  |a Pokropek, Jorge Eduardo.  |t Espacialidad arquitectónica.  |d Buenos Aires, Argentina : Diseño, [2015]  |z 9789873607820 
830 0 |a Textos de arquitectura y diseño (Diseño Editorial) 
856 4 0 |3 Digitalia Hispánica  |u https://digitalia.unach.elogim.com/a/45489/ 
910 |a Premium collection: 2022